000 00669nam a22002177a 4500
003 UA-OsUOA
001 117209
007 ta
008 20160510b un ||||| |||| 00| 0 ukr d
100 _aКотенко Т.
090 _a330(477)
_bК73
942 _cSA
040 _aUA-OsUOA
_bukr
_cUA-OsUOA
_dUA-OsUOA
245 _aДіагностика соціальної результативності національної сфери рекреації та туризму
300 _aС.16-23
955 _a0
041 _aukr
080 _a330(477)
773 0 _w117204
_tЕкономіст
_dК.
_d2016
_g3
650 7 _a330 Економіка взагалі
_2UDC
999 _c403192
_d403192